Word Ladder: Blame It All On Me Quiz Stats

 Plays Quiz Updated Nov 23, 2012

Support Sporcle.
Go Orange.
Score 0/14 Timer 01:30
0 Plays Today
Clue 4-Letter Word % Correct
★Crib dweller★★BABY★
89.8%
Orange road markerCONE
86%
Corn coresCOBS
82.9%
Hope & DylanBOBS
81.6%
★Command to Fido★★COME★
78%
Fett of 'Star Wars'BOBA
77%
HoodwinksCONS
75.8%
Clue 4-Letter Word % Correct
The Who's '____ O'RileyBABA
74.4%
Unspecified quantitySOME
74.1%
Bob Seger's 'Still the ____'SAME
66.8%
On one's rockerSANE
64.7%
★No longer on vacation★★BACK★
58.1%
'Batman & Robin' villainBANE
58%
Place of interest?BANK
45.2%

Today's Daily Dose

You're not logged in!

Compare scores with friends on all Sporcle quizzes.
OR
Log In

From the Vault

Sports Logos Close-Up

by xxDUNE

If Sherlock Holmes was investigating a murder at a hockey arena, this is probably how he would see things.
Remove Ads.
Support Sporcle.
Get the best of Sporcle when you Go Orange. This ad-free experience offers more features, more stats, and more fun while also helping to support Sporcle. Thank you for becoming a member.

Show Comments

Extras

Top Quizzes Today


Score Distribution

Your Account Isn't Verified!

In order to create a playlist on Sporcle, you need to verify the email address you used during registration. Go to your Sporcle Settings to finish the process.

Report this User

Report this user for behavior that violates our Community Guidelines.

Details: